[Event "BL 8586 Bochum-Bamberg"]
[Site "?"]
[Date "1986.??.??"]
[Round "?.3"]
[White "Rodriguez, M."]
[Black "Budde, V."]
[Result "0-1"]
[WhiteElo "2465"]
[BlackElo "2345"]
[PlyCount "74"]
[EventDate "1986.??.??"]

1. e4 c5 2. Nf3 e6 3. c3 d5 4. exd5 exd5 5. d4 Bd6 6. dxc5 Bxc5 7. Bb5+ Nc6 8.
O-O Nge7 9. Nbd2 O-O 10. Nb3 Bd6 11. Nbd4 Bg4 12. Qa4 Bd7 13. Re1 Qc7 14. Be3
a6 15. Bxc6 bxc6 16. Qc2 c5 17. Nb3 Bf5 18. Qc1 Bg4 19. Nbd2 Nf5 20. Qc2 Nxe3
21. Rxe3 Bf4 22. Ree1 g6 23. h3 Bf5 24. Qd1 Rab8 25. b3 Rfe8 26. Nf1 Qc6 27.
Ne3 Bxe3 28. Rxe3 Rxe3 29. fxe3 Re8 30. Qd2 Bc8 31. b4 Bf5 32. Re1 cxb4 33.
cxb4 Qa4 34. Rc1 Rb8 35. Qxd5 Qxb4 36. Ng5 Qe7 37. g4 Qxe3+ 0-1

[Event "BL 8586 Bochum-Bamberg"]
[Site "?"]
[Date "1986.??.??"]
[Round "?.4"]
[White "Beckemeyer, W."]
[Black "Ruehrig, V."]
[Result "1-0"]
[WhiteElo "2320"]
[BlackElo "2375"]
[PlyCount "63"]
[EventDate "1986.??.??"]

1. d4 Nf6 2. c4 c5 3. d5 e5 4. Nc3 d6 5. e4 Be7 6. g3 O-O 7. Bg2 Ne8 8. Nge2
Bg5 9. f4 exf4 10. gxf4 Bh4+ 11. Ng3 f5 12. exf5 Bxf5 13. O-O Bc8 14. Nce4 Nd7
15. Bd2 Ndf6 16. Ng5 Bg4 17. Qc2 Qd7 18. Ne6 Bxe6 19. dxe6 Qxe6 20. Nf5 d5 21.
Nxh4 Nd6 22. cxd5 Qg4 23. Nf3 Nfe4 24. Rae1 Nxd2 25. Ne5 Qxg2+ 26. Kxg2 Nxf1
27. Rxf1 b6 28. Kh1 Rae8 29. Qg2 Re7 30. b3 b5 31. Qg5 Rf6 32. Ng4 1-0

[Event "BL 8586 Bochum-Bamberg"]
[Site "?"]
[Date "1986.??.??"]
[Round "?.6"]
[White "Backwinkel, P."]
[Black "Kestler, H."]
[Result "0-1"]
[WhiteElo "2350"]
[BlackElo "2410"]
[PlyCount "92"]
[EventDate "1986.??.??"]

1. d4 Nf6 2. Nf3 d6 3. c4 Nbd7 4. Nc3 e5 5. e3 Be7 6. Be2 O-O 7. O-O Re8 8. b4
Bf8 9. a4 g6 10. b5 Bg7 11. Ba3 exd4 12. exd4 Nf8 13. h3 Bf5 14. Bb2 h6 15. Re1
g5 16. Bd3 Qd7 17. Qc2 Bxd3 18. Qxd3 Ng6 19. Rxe8+ Rxe8 20. Re1 Nf4 21. Rxe8+
Qxe8 22. Qe3 Qe6 23. Qxe6 fxe6 24. Kf1 Kf7 25. a5 Ke7 26. a6 b6 27. Na2 Nd3 28.
Ba3 Kd7 29. Ne1 Nxe1 30. Kxe1 Ng8 31. Nb4 Ne7 32. d5 Bc3+ 33. Ke2 Bxb4 34.
dxe6+ Kxe6 35. Bxb4 c6 36. Kd3 cxb5 37. cxb5 Kd5 38. g3 Ng6 39. Kc3 h5 40. Kb3
g4 41. hxg4 hxg4 42. Bd2 Ne5 43. Bg5 Kc5 44. Ka4 d5 45. Be7+ Kc4 46. Bd6 Nd7
0-1

[Event "BL 8586 Solingen-Erlangen"]
[Site "?"]
[Date "1986.??.??"]
[Round "?.2"]
[White "Lobron, E."]
[Black "Huenerkopf, H."]
[Result "1-0"]
[WhiteElo "2525"]
[BlackElo "2320"]
[PlyCount "103"]
[EventDate "1986.??.??"]

1. d4 Nf6 2. Nf3 g6 3. Bg5 Bg7 4. Nbd2 c5 5. Bxf6 Bxf6 6. Ne4 Qb6 7. Nxf6+ Qxf6
8. c3 d6 9. g3 cxd4 10. Nxd4 Nc6 11. Bg2 Bd7 12. Qb3 Nxd4 13. cxd4 Qxd4 14.
Qxb7 Rc8 15. O-O Qb6 16. Rfc1 Rxc1+ 17. Rxc1 Qxb7 18. Bxb7 e5 19. Bd5 Ke7 20.
Rc7 a5 21. Bc6 Rd8 22. Ra7 Ke6 23. Bxd7+ Rxd7 24. Rxa5 Rc7 25. Rb5 Rc1+ 26. Kg2
Ra1 27. a3 d5 28. Rb6+ Kd7 29. g4 f5 30. gxf5 gxf5 31. e3 Ra2 32. Kf3 Kc7 33.
Rb4 Kc6 34. a4 Kc5 35. Rb5+ Kc6 36. b3 e4+ 37. Kg3 f4+ 38. Kxf4 Rxf2+ 39. Ke5
Rxh2 40. b4 Re2 41. Rxd5 Rxe3 42. b5+ Kb6 43. Rd6+ Kc7 44. Rd4 Kb6 45. Rxe4 Rg3
46. Kd5 Ka5 47. Rd4 Rg7 48. Kc6 Rg8 49. Rd7 Rc8+ 50. Rc7 Ra8 51. b6 Ka6 52.
Rxh7 1-0

[Event "BL 8586 Solingen-Erlangen"]
[Site "?"]
[Date "1986.??.??"]
[Round "?.5"]
[White "Roeder, G."]
[Black "Ostermeyer, P."]
[Result "0-1"]
[WhiteElo "2315"]
[BlackElo "2485"]
[PlyCount "88"]
[EventDate "1986.??.??"]

1. e4 c5 2. c3 d5 3. exd5 Qxd5 4. d4 e6 5. Nf3 Nf6 6. Bd3 Be7 7. O-O Nc6 8. Na3
O-O 9. Nc2 Rd8 10. Qe2 b6 11. Bc4 Qd6 12. dxc5 Qxc5 13. Be3 Qh5 14. Nfd4 Qxe2
15. Bxe2 Bb7 16. Bf3 Nd5 17. Nxc6 Bxc6 18. Bd4 Rac8 19. Rfe1 Ba4 20. Ne3 Nxe3
21. Rxe3 Bc5 22. Bxc5 bxc5 23. c4 Bc6 24. Bxc6 Rxc6 25. Ra3 a6 26. g3 g5 27. h3
Rd2 28. b3 Kg7 29. Re1 f5 30. Kf1 Kf6 31. Re2 Rd4 32. Ra5 h5 33. Rc2 h4 34. Ke2
e5 35. Rd2 Rxd2+ 36. Kxd2 g4 37. Ke2 gxh3 38. Kf1 hxg3 39. fxg3 e4 40. Ra3 e3
41. b4 e2+ 42. Kxe2 h2 43. b5 Re6+ 44. Kf2 h1=Q 0-1

[Event "BL 8586 Solingen-Erlangen"]
[Site "?"]
[Date "1986.??.??"]
[Round "?.6"]
[White "Borik, O."]
[Black "Autenrieth, M."]
[Result "1-0"]
[WhiteElo "2365"]
[BlackElo "2315"]
[PlyCount "117"]
[EventDate "1986.??.??"]

1. d4 d6 2. Nf3 Nd7 3. c4 e5 4. Nc3 g6 5. e4 Bg7 6. Be3 Ngf6 7. Be2 O-O 8. d5
a5 9. Nd2 Ne8 10. O-O f5 11. f3 f4 12. Bf2 h5 13. a3 g5 14. b4 Ndf6 15. c5 Rf7
16. Nc4 Bf8 17. Nb5 axb4 18. axb4 Bd7 19. Rxa8 Qxa8 20. Nc3 Rg7 21. Kh1 Qd8 22.
b5 Nh7 23. c6 bxc6 24. dxc6 Be6 25. Nxe5 g4 26. Bc4 Bxc4 27. Nxc4 g3 28. Bg1
Qh4 29. Qd2 Ng5 30. Nd5 Nh3 31. gxh3 g2+ 32. Qxg2 Rxg2 33. Kxg2 Qg5+ 34. Kh1
Qh4 35. Rf2 Kf7 36. b6 cxb6 37. c7 Qxh3 38. Ncxb6 Nxc7 39. Nxc7 Bg7 40. Nbd5
Be5 41. Nb5 Qd7 42. Nbc3 Qh3 43. Ne2 Qh4 44. Kg2 Qd8 45. Kf1 Qc8 46. Kg2 Qd8
47. Rf1 Qg5+ 48. Kh1 Qh4 49. Rf2 Kf8 50. Kg2 Qd8 51. Kh1 Qh4 52. Nb4 Kf7 53.
Nd3 Kf8 54. Ne1 Qf6 55. Ng2 h4 56. h3 Qe6 57. Kh2 Qh6 58. Rf1 Qh5 59. Kh1 1-0

[Event "BL 8586 HSK-Porz"]
[Site "?"]
[Date "1986.??.??"]
[Round "?.3"]
[White "Gruen, G."]
[Black "Reefschlaeger, H."]
[Result "1/2-1/2"]
[WhiteElo "2410"]
[BlackElo "2395"]
[PlyCount "32"]
[EventDate "1986.??.??"]

1. Nf3 Nf6 2. g3 d5 3. Bg2 c6 4. c4 Bg4 5. Ne5 Be6 6. cxd5 Bxd5 7. O-O Bxg2 8.
Kxg2 Nbd7 9. Nxd7 Qxd7 10. Nc3 e6 11. d4 O-O-O 12. e3 c5 13. dxc5 Qc6+ 14. Qf3
Qxf3+ 15. Kxf3 Bxc5 16. b3 Nd7 1/2-1/2

[Event "BL 8586 HSK-Porz"]
[Site "?"]
[Date "1986.??.??"]
[Round "?.4"]
[White "Wahls, M."]
[Black "Marian, R."]
[Result "1/2-1/2"]
[WhiteElo "2285"]
[BlackElo "2285"]
[PlyCount "52"]
[EventDate "1986.??.??"]

1. e4 c5 2. Nf3 d6 3. Bb5+ Nd7 4. d4 cxd4 5. Qxd4 e5 6. Qd3 Be7 7. c4 Ngf6 8.
Nc3 O-O 9. Bxd7 Bxd7 10. O-O h6 11. b3 a6 12. a4 b5 13. axb5 axb5 14. Rxa8 Qxa8
15. cxb5 Rb8 16. Be3 Bxb5 17. Nxb5 Qa6 18. Nd2 Qxb5 19. Qxb5 Rxb5 20. Ra1 d5
21. Ra8+ Kh7 22. Ra7 Bb4 23. exd5 Nxd5 24. Nc4 f6 25. Rd7 Kg6 26. Bd2 Bf8
1/2-1/2

[Event "BL 8586 HSK-Porz"]
[Site "?"]
[Date "1986.??.??"]
[Round "?.5"]
[White "Gerusel, M."]
[Black "Gruenberg, Ra"]
[Result "1/2-1/2"]
[WhiteElo "2390"]
[BlackElo "2270"]
[PlyCount "84"]
[EventDate "1986.??.??"]

1. d4 Nf6 2. c4 g6 3. Nc3 d5 4. Bf4 Bg7 5. e3 c6 6. Nf3 O-O 7. h3 Qa5 8. Qd2
Nbd7 9. a3 dxc4 10. Bxc4 Nb6 11. Ba2 Nbd5 12. Nxd5 Qxd2+ 13. Kxd2 Nxd5 14. Bxd5
cxd5 15. Rhc1 Bd7 16. Rc7 Bc6 17. b4 e6 18. Rc1 a6 19. Bd6 Rfc8 20. Rxc8+ Rxc8
21. Ne5 Bxe5 22. dxe5 Rd8 23. g4 f5 24. gxf5 gxf5 25. Be7 Rc8 26. Rg1+ Kf7 27.
Bf6 Rg8 28. Rxg8 Kxg8 29. Kc3 Kf7 30. Kd4 Ke8 31. Kc5 Kf7 32. h4 h5 33. Kd6 d4
34. exd4 Bd5 35. f4 Bc6 36. Bd8 Bd5 37. a4 Bc6 38. b5 axb5 39. axb5 Bxb5 40. d5
Bc4 41. dxe6+ Bxe6 42. Bb6 Bb3 1/2-1/2

[Event "BL 8586 HSK-Porz"]
[Site "?"]
[Date "1986.??.??"]
[Round "?.6"]
[White "Wegner, H."]
[Black "Schmidt, B."]
[Result "1/2-1/2"]
[WhiteElo "2210"]
[BlackElo "2340"]
[PlyCount "48"]
[EventDate "1986.??.??"]

1. c4 Nf6 2. d4 c6 3. Nc3 d5 4. Nf3 e6 5. Bg5 h6 6. Bxf6 Qxf6 7. e3 Nd7 8. Bd3
Bb4 9. Qc2 O-O 10. a3 Bxc3+ 11. Qxc3 dxc4 12. Bxc4 c5 13. O-O cxd4 14. Nxd4 Nb6
15. Bb3 Bd7 16. Rac1 Rfc8 17. Qa5 Qd8 18. h3 Rc7 19. Ne2 Rxc1 20. Rxc1 Bc6 21.
Nd4 Bd7 22. Bd1 Rc8 23. Rxc8 Bxc8 24. Qc5 a6 1/2-1/2

[Event "BL 8586 HSK-Porz"]
[Site "?"]
[Date "1986.??.??"]
[Round "?.7"]
[White "Gawehns, K."]
[Black "Schulte, O."]
[Result "0-1"]
[WhiteElo "2335"]
[BlackElo "2345"]
[PlyCount "74"]
[EventDate "1986.??.??"]

1. b3 d5 2. Bb2 Bg4 3. h3 Bh5 4. c4 c6 5. g3 Nd7 6. Bg2 dxc4 7. bxc4 e5 8. Nc3
Ngf6 9. Nf3 Bc5 10. O-O O-O 11. d3 Re8 12. Nd2 Bd4 13. Rb1 Nc5 14. Nb3 Qc7 15.
Qc2 Rad8 16. Nxc5 Bxc5 17. Na4 Bd4 18. e3 Bxb2 19. Nxb2 Re7 20. Rbe1 Bg6 21. f4
exf4 22. gxf4 Qd7 23. e4 Qd4+ 24. Qf2 Qxf2+ 25. Kxf2 c5 26. Re3 Rd4 27. Na4 b5
28. Nxc5 bxc4 29. f5 Bh5 30. Rc1 Re5 31. Rb1 g6 32. Rb8+ Kg7 33. dxc4 Rxc5 34.
e5 Nd7 35. f6+ Kh6 36. Rb7 Nxe5 37. Rxa7 Nxc4 0-1

[Event "BL 8586 Lasker-Wuppertal"]
[Site "?"]
[Date "1986.??.??"]
[Round "?.1"]
[White "Dresen, U."]
[Black "Wockenfuss, K."]
[Result "1/2-1/2"]
[WhiteElo "2305"]
[BlackElo "2370"]
[PlyCount "32"]
[EventDate "1986.??.??"]

1. g3 e5 2. Bg2 d5 3. c3 c6 4. Nf3 Nd7 5. d3 Ngf6 6. O-O Be7 7. Qc2 O-O 8. e4
dxe4 9. dxe4 a5 10. a4 Re8 11. Nbd2 Bf8 12. Nc4 Qc7 13. Re1 b6 14. Nfd2 Nc5 15.
b3 Be6 16. Bf1 h6 1/2-1/2

[Event "BL 8586 Lasker-Wuppertal"]
[Site "?"]
[Date "1986.??.??"]
[Round "?.2"]
[White "Muse, M."]
[Black "Schneider, B1."]
[Result "1-0"]
[WhiteElo "2430"]
[BlackElo "2290"]
[PlyCount "99"]
[EventDate "1986.??.??"]

1. d4 g6 2. c4 Bg7 3. Nc3 d6 4. e4 e5 5. Be3 exd4 6. Bxd4 Nf6 7. f3 O-O 8. Nge2
Nc6 9. Bf2 Re8 10. Ng3 h5 11. Bd3 h4 12. Nge2 h3 13. g4 Bxg4 14. fxg4 Nxg4 15.
Ng3 Nxf2 16. Kxf2 Bd4+ 17. Ke1 Qf6 18. Qd2 Ne5 19. Kd1 Ng4 20. Kc2 Ne3+ 21. Kb1
c6 22. Nd1 Ng2 23. Rf1 Qe5 24. Ne2 Bb6 25. Nf4 Qg5 26. Kc2 Ba5 27. Nc3 d5 28.
cxd5 Rad8 29. Nxg2 Qxd2+ 30. Kxd2 hxg2 31. Rg1 cxd5 32. exd5 Rxd5 33. Rxg2 Red8
34. Rg3 Rh5 35. h3 Rd4 36. Kc2 Rc5 37. Rd1 b5 38. a3 b4 39. axb4 Rxb4 40. Rg4
Rb8 41. Bc4 Kg7 42. b3 Rb7 43. Rd5 Rxd5 44. Nxd5 f5 45. Rg2 Rb8 46. Ne7 Rb6 47.
Nxf5+ Kf6 48. Ne3 Ke5 49. Rg5+ Kf4 50. Rxa5 1-0

[Event "BL 8586 Lasker-Wuppertal"]
[Site "?"]
[Date "1986.??.??"]
[Round "?.3"]
[White "Meyer, P."]
[Black "Cladouras, P."]
[Result "0-1"]
[WhiteElo "2280"]
[BlackElo "2320"]
[PlyCount "102"]
[EventDate "1986.??.??"]

1. d4 Nf6 2. c4 e6 3. Nf3 Bb4+ 4. Bd2 a5 5. g3 d5 6. Qc2 Nc6 7. Bg2 dxc4 8.
Qxc4 Qd5 9. Qd3 Qe4 10. Qxe4 Nxe4 11. e3 Bd7 12. O-O Nxd2 13. Nbxd2 a4 14. Nc4
f6 15. Rfc1 Kd8 16. Ne1 Bxe1 17. Rxe1 Re8 18. Red1 Kc8 19. Rac1 Kb8 20. Rd2 Ra6
21. Be4 h6 22. Bg2 Nb4 23. a3 Nd5 24. Rdc2 Rc8 25. e4 Ne7 26. d5 exd5 27. exd5
Nf5 28. Re2 Re8 29. Rxe8+ Bxe8 30. Re1 Bb5 31. Nd2 Rb6 32. Ne4 Bc4 33. Rc1 Be2
34. Rc2 Bd3 35. Rd2 Bxe4 36. Bxe4 Nd6 37. Bd3 Rb3 38. Kf1 b5 39. Ke2 Kb7 40.
Rc2 f5 41. f3 g5 42. Kd2 f4 43. gxf4 gxf4 44. Ke2 Kc8 45. Kd2 Kd7 46. Ke2 Nb7
47. Kd2 Kd6 48. Be2 Nc5 49. Kc1 Kxd5 50. Bd1 Rd3 51. Rg2 Kd4 0-1

[Event "BL 8586 Lasker-Wuppertal"]
[Site "?"]
[Date "1986.??.??"]
[Round "?.4"]
[White "Brunner, L."]
[Black "Ingenerf, S."]
[Result "1/2-1/2"]
[WhiteElo "2290"]
[BlackElo "2270"]
[PlyCount "91"]
[EventDate "1986.??.??"]

1. Nf3 g6 2. c4 Bg7 3. Nc3 d6 4. g3 e5 5. Bg2 c5 6. O-O Nc6 7. d3 Nge7 8. Ne1
Be6 9. Nd5 O-O 10. Bd2 Rb8 11. a4 Qd7 12. Nc2 Bh3 13. e4 Bxg2 14. Kxg2 f5 15.
b4 f4 16. f3 Nxd5 17. cxd5 Nxb4 18. Nxb4 cxb4 19. Bxb4 g5 20. g4 Rfc8 21. Qb3
Rc7 22. Rfc1 Rbc8 23. Rc4 Bf6 24. Rac1 Kf7 25. Ba5 Rxc4 26. Rxc4 Ke8 27. Be1
Rxc4 28. Qxc4 Bd8 29. d4 Bf6 30. Bc3 b6 31. dxe5 Bxe5 32. Bxe5 dxe5 33. Qc3 Qd6
34. Qc8+ Ke7 35. Qh8 h6 36. Qg7+ Kd8 37. Qxa7 Qc5 38. Qb8+ Kd7 39. Qxe5 Qc2+
40. Kh3 Qe2 41. Qe6+ Kd8 42. Qxb6+ Kc8 43. Qc5+ Kd8 44. Qa5+ Ke7 45. d6+ Kf8
46. Qd8+ 1/2-1/2

[Event "BL 8586 Porz-Lasker"]
[Site "?"]
[Date "1986.??.??"]
[Round "?.2"]
[White "Hort, V."]
[Black "Muse, M."]
[Result "1-0"]
[WhiteElo "2545"]
[BlackElo "2430"]
[PlyCount "61"]
[EventDate "1986.??.??"]

1. e4 c5 2. Nf3 e6 3. d4 cxd4 4. Nxd4 Nf6 5. Nc3 d6 6. g4 Nc6 7. g5 Nd7 8. Be3
Be7 9. h4 a6 10. Rg1 Qc7 11. h5 g6 12. Rg3 b5 13. Nxc6 Qxc6 14. Qd4 Rg8 15.
O-O-O Bb7 16. hxg6 hxg6 17. Rh3 Qc5 18. Qd2 Qc7 19. a3 Ne5 20. Bd4 Rd8 21. f4
Nd7 22. Qh2 Nc5 23. Bg2 e5 24. Be3 Ne6 25. f5 Nxg5 26. Rg3 gxf5 27. exf5 Kd7
28. Bxb7 Qxb7 29. Nd5 Rh8 30. Qg2 Nh7 31. f6 1-0

[Event "BL 8586 Porz-Lasker"]
[Site "?"]
[Date "1986.??.??"]
[Round "?.3"]
[White "Cladouras, P."]
[Black "Gruen, G."]
[Result "1-0"]
[WhiteElo "2320"]
[BlackElo "2410"]
[PlyCount "81"]
[EventDate "1986.??.??"]

1. e4 e5 2. Nf3 Nc6 3. Bb5 a6 4. Ba4 Nf6 5. O-O Be7 6. Re1 b5 7. Bb3 d6 8. c3
O-O 9. h3 Bb7 10. d4 Re8 11. Nbd2 Bf8 12. Bc2 Nb8 13. b3 Nbd7 14. Bb2 c5 15. d5
Qc7 16. Bd3 g6 17. Bf1 Rab8 18. a4 Bc8 19. axb5 axb5 20. Bc1 Nh5 21. g3 Ndf6
22. b4 Bh6 23. Nb3 Bxc1 24. Qxc1 c4 25. Na5 Kg7 26. Nc6 Rb6 27. Qe3 Bb7 28. Ra7
Ra8 29. Rea1 Rxa7 30. Rxa7 Rxc6 31. dxc6 Qxc6 32. Bg2 Nxe4 33. Ng5 d5 34. Nxe4
dxe4 35. Qc5 Qd5 36. Qxd5 Bxd5 37. Ra5 Bc6 38. Ra6 Be8 39. Bxe4 Nf6 40. Bb7 Nd7
41. Rb6 1-0

[Event "BL 8586 Porz-Lasker"]
[Site "?"]
[Date "1986.??.??"]
[Round "?.4"]
[White "Marian, R."]
[Black "Brunner, L."]
[Result "0-1"]
[WhiteElo "2285"]
[BlackElo "2290"]
[PlyCount "103"]
[EventDate "1986.??.??"]

1. d4 e6 2. c4 Nf6 3. Nf3 b6 4. e3 c5 5. Nc3 cxd4 6. exd4 Bb7 7. Bd3 d5 8. O-O
Be7 9. Re1 O-O 10. Bg5 Nbd7 11. Ne5 Rc8 12. Qe2 h6 13. Bh4 dxc4 14. Bxc4 Nxe5
15. dxe5 Nd5 16. Bxd5 Bxd5 17. Bxe7 Qxe7 18. Nxd5 exd5 19. Rad1 Qc5 20. Qd2
Rfd8 21. Rc1 Qb5 22. Rxc8 Rxc8 23. Rd1 Qc4 24. b3 Qe4 25. Re1 Rc2 26. Qd1 Qf5
27. f4 Rxa2 28. Qxd5 Qxf4 29. Qd8+ Kh7 30. Qd3+ g6 31. Rf1 Qg5 32. Qf3 Qxe5 33.
Qxf7+ Qg7 34. h3 h5 35. Kh2 Qxf7 36. Rxf7+ Kg8 37. Rc7 h4 38. b4 Rb2 39. Rxa7
Rxb4 40. Kg1 Rb2 41. Ra4 g5 42. Rg4 Rb5 43. g3 hxg3 44. h4 Kf7 45. Kg2 gxh4 46.
Rxh4 Rg5 47. Rh6 b5 48. Ra6 b4 49. Rb6 Rg4 50. Ra6 Ke7 51. Rb6 Kd7 52. Ra6 0-1

[Event "BL 8586 Porz-Lasker"]
[Site "?"]
[Date "1986.??.??"]
[Round "?.5"]
[White "Paulsen, D."]
[Black "Gerusel, M."]
[Result "1-0"]
[WhiteElo "2345"]
[BlackElo "2390"]
[PlyCount "83"]
[EventDate "1986.??.??"]

1. d4 Nf6 2. c4 e6 3. Nf3 d5 4. Nc3 Be7 5. Bg5 Nbd7 6. e3 O-O 7. Qc2 b6 8. cxd5
exd5 9. Bd3 Bb7 10. O-O Ne4 11. Bxe7 Qxe7 12. Nxe4 dxe4 13. Qxc7 exf3 14. Qxb7
fxg2 15. Rfc1 Qe6 16. Rc7 Nf6 17. Rac1 Rab8 18. Qxg2 Qxa2 19. Qh3 Rbe8 20. Qf5
Qe6 21. Qxe6 fxe6 22. Rxa7 Nd5 23. Rc6 b5 24. Be4 Nf6 25. Rcc7 Kh8 26. Bd3 g6
27. e4 Ra8 28. Rxa8 Rxa8 29. Rb7 Ra1+ 30. Kg2 Rd1 31. e5 Nd5 32. Bxb5 Rxd4 33.
Kf3 Rf4+ 34. Kg3 Rf5 35. Bc6 Rxe5 36. b4 Re4 37. b5 Rb4 38. Bd7 Rb3+ 39. Kh4 h6
40. Bxe6 g5+ 41. Kh5 Nf4+ 42. Kxh6 1-0

[Event "BL 8586 Wuppertal-HSK"]
[Site "?"]
[Date "1986.??.??"]
[Round "?.2"]
[White "Schneider, B1."]
[Black "Chandler, M."]
[Result "1/2-1/2"]
[WhiteElo "2290"]
[BlackElo "2525"]
[PlyCount "118"]
[EventDate "1986.??.??"]

1. d4 Nf6 2. Nc3 d5 3. Bg5 Nbd7 4. Nf3 h6 5. Bf4 a6 6. Qd3 c5 7. e4 dxe4 8.
Nxe4 Nxe4 9. Qxe4 Nf6 10. Qe5 e6 11. dxc5 Qa5+ 12. Bd2 Qxc5 13. Qxc5 Bxc5 14.
Bd3 O-O 15. O-O b6 16. b4 Be7 17. Rfd1 Bb7 18. a3 Ne4 19. Be3 Bf6 20. Bd4 Nc3
21. Bxf6 gxf6 22. Re1 Bxf3 23. gxf3 b5 24. f4 f5 25. Kg2 Rac8 26. Re3 Nd5 27.
Rg3+ Kh8 28. Kf3 Rc3 29. Rh3 Kh7 30. Rh4 Ra8 31. Ke2 a5 32. bxa5 Rxa5 33. Rg1
Rcxa3 34. Rhg4 Ra8 35. Rg7+ Kh8 36. Rxf7 Rg8 37. Rxg8+ Kxg8 38. Rb7 b4 39. Kf3
Kf8 40. Kg3 Ke8 41. f3 Rc3 42. Bb5+ Kd8 43. Ba4 Kc8 44. Rh7 Rc7 45. Rxh6 Rg7+
46. Kf2 Nxf4 47. Ke3 e5 48. Rc6+ Kb7 49. Rc5 Re7 50. Rb5+ Kc7 51. Bb3 Kd6 52.
Rxb4 Rh7 53. Rxf4 exf4+ 54. Kxf4 Rxh2 55. Kxf5 Re2 56. f4 Ke7 57. Kg4 Kf6 58.
Kf3 Rh2 59. Ba4 Kf5 1/2-1/2

[Event "BL 8586 Wuppertal-HSK"]
[Site "?"]
[Date "1986.??.??"]
[Round "?.3"]
[White "Reefschlaeger, H."]
[Black "Meyer, P."]
[Result "1/2-1/2"]
[WhiteElo "2395"]
[BlackElo "2280"]
[PlyCount "34"]
[EventDate "1986.??.??"]

1. d4 Nf6 2. c4 e6 3. g3 Bb4+ 4. Bd2 Qe7 5. Bg2 O-O 6. Nf3 Bxd2+ 7. Qxd2 d6 8.
Nc3 e5 9. O-O Nc6 10. d5 Nb8 11. e4 a5 12. Ne1 Na6 13. Nd3 Bd7 14. f4 c6 15. h3
cxd5 16. cxd5 Rac8 17. Rf2 Nc5 1/2-1/2

[Event "BL 8586 Wuppertal-HSK"]
[Site "?"]
[Date "1986.??.??"]
[Round "?.4"]
[White "Ingenerf, S."]
[Black "Wahls, M."]
[Result "1/2-1/2"]
[WhiteElo "2270"]
[BlackElo "2285"]
[PlyCount "21"]
[EventDate "1986.??.??"]

1. c4 Nf6 2. Nc3 c5 3. g3 e6 4. Bg2 d5 5. d3 d4 6. Ne4 Nxe4 7. Bxe4 Be7 8. a3
O-O 9. Rb1 a5 10. Bg2 Nc6 11. Nf3 1/2-1/2

[Event "BL 8586 Kreuzberg-Sindelfingen"]
[Site "?"]
[Date "1986.??.??"]
[Round "?.1"]
[White "Darga, K."]
[Black "Berg, K."]
[Result "1-0"]
[WhiteElo "2470"]
[BlackElo "2350"]
[PlyCount "139"]
[EventDate "1986.??.??"]

1. c4 Nf6 2. Nc3 g6 3. d4 Bg7 4. e4 d6 5. f3 O-O 6. Be3 e5 7. d5 c6 8. Bd3 b5
9. a3 cxd5 10. cxd5 a6 11. Nge2 Nbd7 12. O-O Nh5 13. Qd2 Nb6 14. Rac1 f5 15.
Na2 fxe4 16. fxe4 Rxf1+ 17. Rxf1 Na4 18. Nb4 Nc5 19. Nc6 Qh4 20. Bf2 Qg4 21. h3
Qd7 22. Bc2 Bb7 23. b4 Na4 24. Bh4 Kh8 25. Ne7 Rf8 26. Rxf8+ Bxf8 27. Qg5 Nb6
28. g4 Ng7 29. Qf6 Qxe7 30. Qxe7 Bxe7 31. Bxe7 Ne8 32. Nc3 Kg7 33. Bd8 Nc8 34.
a4 bxa4 35. Bxa4 Kf7 36. Kf2 Nf6 37. Ke3 Ne7 38. Kd3 h6 39. Bc7 Nc8 40. Kc4 Ke7
41. Bc2 Nh7 42. Bd1 Kd7 43. Ba5 Na7 44. Bb6 Nc8 45. Ba4+ Ke7 46. Be3 g5 47. Bc6
Bxc6 48. dxc6 Ke6 49. Nd5 Nf8 50. Kb3 Ng6 51. Ka4 Nge7 52. Nc7+ Kf6 53. b5
axb5+ 54. Kxb5 Kf7 55. Bf2 Ng6 56. Nd5 Nf4 57. c7 Nxh3 58. Be3 Nf4 59. Bxf4
exf4 60. Kc6 f3 61. Kb7 f2 62. Kxc8 f1=Q 63. Kd8 Qb5 64. c8=Q Qe8+ 65. Kc7 Qxe4
66. Qd7+ Kf8 67. Qf5+ Qxf5 68. gxf5 Kf7 69. Kxd6 g4 70. Ke5 1-0

[Event "BL 8586 Kreuzberg-Sindelfingen"]
[Site "?"]
[Date "1986.??.??"]
[Round "?.2"]
[White "King, D."]
[Black "Fahnenschmidt, G."]
[Result "1-0"]
[WhiteElo "2435"]
[BlackElo "2335"]
[PlyCount "95"]
[EventDate "1986.??.??"]

1. e4 c5 2. Nf3 e6 3. c3 d5 4. exd5 Qxd5 5. d4 Nf6 6. Na3 a6 7. Nc4 Nbd7 8. a4
b6 9. Be2 Bb7 10. O-O cxd4 11. Qxd4 Qxd4 12. Nxd4 Nd5 13. Bf3 Rc8 14. Ne3 Nxe3
15. Bxb7 Rc7 16. Bxe3 Rxb7 17. b4 Be7 18. a5 b5 19. c4 Bf6 20. cxb5 Bxd4 21.
Bxd4 Rxb5 22. Bxg7 Rg8 23. Bc3 Ke7 24. Rac1 Nf6 25. Bd4 Nd5 26. Rfd1 Kd7 27.
Bc5 Rg4 28. f3 Rg6 29. Rc4 Rb8 30. g3 Rbg8 31. Bf2 Rb8 32. Be3 f5 33. Bf4 Rb7
34. Be5 Rg8 35. Rdc1 Ra8 36. Rh4 Ke8 37. Rc6 Re7 38. Rh6 Nxb4 39. Rcxe6 Nd3 40.
Rxe7+ Kxe7 41. Rxh7+ Ke6 42. Bd4 Rd8 43. Bb6 Rc8 44. Rc7 Re8 45. Rc3 Nb4 46.
Re3+ Kf7 47. Rxe8 Kxe8 48. Kf2 1-0

[Event "BL 8586 Zehlendorf-Zähringen"]
[Site "?"]
[Date "1986.??.??"]
[Round "?.1"]
[White "Vatter, H."]
[Black "Pritchett, C."]
[Result "1/2-1/2"]
[WhiteElo "2260"]
[BlackElo "2395"]
[PlyCount "88"]
[EventDate "1986.??.??"]

1. e4 c5 2. c3 d5 3. exd5 Qxd5 4. d4 e6 5. Nf3 Nf6 6. Be2 cxd4 7. cxd4 Nc6 8.
Nc3 Qd6 9. O-O Be7 10. Bg5 O-O 11. Qd2 b6 12. Rad1 Bb7 13. a3 Nd5 14. Ne4 Qd8
15. Bd3 Bxg5 16. Nexg5 h6 17. Ne4 Rc8 18. Rfe1 Na5 19. b4 Nc4 20. Bxc4 Rxc4 21.
Ne5 Rc7 22. Rc1 Rxc1 23. Qxc1 Qe7 24. Nc6 Bxc6 25. Qxc6 Rd8 26. Nd2 Qd7 27.
Qxd7 Rxd7 28. Rc1 f6 29. Kf1 Kf7 30. g3 Rc7 31. Rc4 Ke7 32. Ke2 Rxc4 33. Nxc4
Kd7 34. Kd3 Kc6 35. Kc2 h5 36. Kb3 g5 37. a4 a6 38. Na3 b5 39. a5 g4 40. Nc2 f5
41. Ne1 Nc7 42. Kc3 Nd5+ 43. Kb3 Nc7 44. Kc3 Nd5+ 1/2-1/2

[Event "BL 8586 Zehlendorf-Zähringen"]
[Site "?"]
[Date "1986.??.??"]
[Round "?.3"]
[White "Kiefer, G."]
[Black "Riedel, W."]
[Result "1-0"]
[WhiteElo "2220"]
[BlackElo "2310"]
[PlyCount "59"]
[EventDate "1986.??.??"]

1. e4 e6 2. d4 d5 3. Nc3 Bb4 4. e5 c5 5. Bd2 Bxc3 6. bxc3 Ne7 7. Nf3 b6 8. a4
Ba6 9. Bxa6 Nxa6 10. a5 O-O 11. O-O Qd7 12. Qe2 Nc7 13. dxc5 bxc5 14. Qe3 Qc6
15. Qg5 Ng6 16. Qh5 f6 17. Rfe1 Rf7 18. Re2 Nxe5 19. Rxe5 g6 20. Qh4 fxe5 21.
Nxe5 Qe8 22. Nxf7 Qxf7 23. Rb1 Ne8 24. Bf4 a6 25. h3 Ng7 26. Be5 Nf5 27. Qa4 g5
28. Qc6 Rf8 29. Rb7 Qe8 30. Qxa6 1-0

[Event "BL 8586 Zehlendorf-Zähringen"]
[Site "?"]
[Date "1986.??.??"]
[Round "?.4"]
[White "Dankert, P."]
[Black "Miltner, A."]
[Result "1/2-1/2"]
[WhiteElo "2305"]
[BlackElo "2285"]
[PlyCount "69"]
[EventDate "1986.??.??"]

1. d4 Nf6 2. c4 d6 3. Nc3 Nbd7 4. Nf3 e5 5. Bg5 Be7 6. e3 c6 7. Qc2 Qc7 8. Bd3
a6 9. O-O b5 10. b3 b4 11. Ne2 c5 12. Ng3 h6 13. Bxf6 Nxf6 14. dxe5 dxe5 15.
Qb2 Bd6 16. Ne4 Nxe4 17. Bxe4 Rb8 18. Bd5 f5 19. e4 f4 20. Nh4 Rf8 21. Rad1 g5
22. Nf5 Bxf5 23. exf5 Rxf5 24. Qe2 Rf6 25. Qe4 Kf8 26. Rfe1 Rd8 27. Qf3 Qg7 28.
h3 a5 29. Qe2 Qe7 30. Qh5 Qe8 31. Qf3 Qe7 32. a3 Bc7 33. a4 Qe8 34. Qe4 Qe7 35.
Qf3 1/2-1/2

[Event "BL 8586 Zehlendorf-Zähringen"]
[Site "?"]
[Date "1986.??.??"]
[Round "?.5"]
[White "Arnold, L."]
[Black "Lieb, H."]
[Result "1/2-1/2"]
[WhiteElo "2305"]
[BlackElo "2275"]
[PlyCount "53"]
[EventDate "1986.??.??"]

1. e4 e6 2. d4 d5 3. Nd2 Nf6 4. e5 Nfd7 5. Bd3 c5 6. c3 Nc6 7. Ne2 Qb6 8. Nf3
cxd4 9. cxd4 f6 10. exf6 Nxf6 11. O-O Bd6 12. Nc3 O-O 13. Be3 Bd7 14. Ne5 Be8
15. Re1 Kh8 16. Bf1 a6 17. Qd2 Qc7 18. f4 Bb4 19. Bd3 Ne4 20. Bxe4 dxe4 21.
Rac1 Rd8 22. Qc2 Nxe5 23. fxe5 Bc6 24. Qb3 Qe7 25. Re2 Bxc3 26. Qxc3 Bb5 27.
Rf2 1/2-1/2